00693nam a2200229 a 450000100060000000300080000600500170001400800390003102000150007002000220008503500190010704000320012604100080015808200270016610000220019324500600021526000370027530000350031250400510034765000310039865000340042916725BD-RjUL20211209000037.0140215s1982 maua b 001 0 eng a0316327115 a0316327107 (pbk.) a(BD-RjUL)16780 aDLCcDLCdDLCdBD-RjULbeng aeng00a004.0285223bGRP 19821 aGreenwood, Frank.10aProfitable small business computing /cFrank Greenwood. aBoston :bLittle, Brown,cc1982. aviii, 168 p. :bill. ;c24 cm. aIncludes bibliographical references and index. 0aBusinessxData processing. 0aElectronic digital computers.